BIBLIOTECA

SENCICO

Análisis estructural : (Registro nro. 2614)

Detalles MARC
000 -LEADER
fixed length control field 01172nam a2200241Ia 4500
003 - CONTROL NUMBER IDENTIFIER
control field PE SENCICO BE
005 - DATE AND TIME OF LATEST TRANSACTION
control field 20251020182548.0
008 - FIXED-LENGTH DATA ELEMENTS--GENERAL INFORMATION
fixed length control field 200515s9999 xx 000 0 und d
020 ## - INTERNATIONAL STANDARD BOOK NUMBER
International Standard Book Number 978-84-17289-14-0
040 ## - CATALOGING SOURCE
Original cataloging agency PE SENCICO BE
Transcribing agency PE SENCICO BE
041 ## - LANGUAGE CODE
Language code of text/sound track or separate title spa
082 ## - DEWEY DECIMAL CLASSIFICATION NUMBER
Classification number 624.171
Item number G71
100 1# - MAIN ENTRY--PERSONAL NAME
Personal name Gonzáles Rodrigo, Beatriz
9 (RLIN) 1329
245 10 - TITLE STATEMENT
Title Análisis estructural :
Remainder of title problemas resueltos de leyes y diagramas de esfuerzos /
Statement of responsibility, etc. Beatriz González Rodrigo
250 ## - EDITION STATEMENT
Edition statement 1a ed.
260 ## - PUBLICATION, DISTRIBUTION, ETC.
Place of publication, distribution, etc. Lima :
Name of publisher, distributor, etc. Garceta Grupo Editorial,
Date of publication, distribution, etc. 2019
300 ## - PHYSICAL DESCRIPTION
Extent 187 p. :
Other physical details diagrs.,
Dimensions 24 cm.
520 ## - SUMMARY, ETC.
Summary, etc. La publicación parte del principio básico de constituir una guía eminentemente práctica desde la primera página. Se comienza planteando una introducción conceptual de las leyes de esfuerzos para continuar con el cuerpo de la publicación, que es un tutorial práctico estructurado en varios ejercicios o casos de estudio que se pueden presentar en el desarrollo de la profesión del ingeniero.
650 10 - SUBJECT ADDED ENTRY--TOPICAL TERM
Topical term or geographic name entry element Análisis estructural (Ingeniería)
9 (RLIN) 159
650 20 - SUBJECT ADDED ENTRY--TOPICAL TERM
Topical term or geographic name entry element Diseño de estructuras
9 (RLIN) 16
650 20 - SUBJECT ADDED ENTRY--TOPICAL TERM
Topical term or geographic name entry element Ingeniería mecánica
9 (RLIN) 33
942 ## - ADDED ENTRY ELEMENTS (KOHA)
Koha item type Libros
Source of classification or shelving scheme Dewey Decimal Classification
Existencias
Fecha de la última vez que lo usaron Número de ingreso o de inventario Pago total Signatura topográfica completa Precio efectivo desde Tipo de documento Estado perdido Sistema de clasificación Estado dañado No es para préstamo Retirado Ubicación permanente Ubicación actual Fecha de adquisición Fuente de adquisición
15/05/2020 16614   624.171/G71 20/10/2025 Libros   Dewey Decimal Classification       Biblioteca Central Lima Biblioteca Central Lima 26/07/2023 Comprado de la librería Libun